Drei lieder op. 25 gesang und klavier
Uloženo v:
| Hlavní autor: | |
|---|---|
| Médium: | Kniha |
| Jazyk: | angličtina němčina |
| Vydáno: |
Viena
Universal Edition
1956
|
| Edice: | UE, 12418
|
| Témata: | |
| Tagy: |
Přidat tag
Žádné tagy, Buďte první, kdo vytvoří štítek k tomuto záznamu!
|
MARC
| LEADER | 00000nam a2200000 a 4500 | ||
|---|---|---|---|
| 001 | UCQ3117 | ||
| 003 | CL-VaPUC | ||
| 005 | 20250307101836.0 | ||
| 008 | 980817e19560000AU |||||||||||||||||eng|d | ||
| 999 | |c 273744 |d 273742 | ||
| 040 | |c Pontificia Universidad Católica de Valparaíso | ||
| 041 | 0 | 7 | |a eng |2 CL-VaPUC |
| 041 | 0 | 7 | |a ger |2 CL-VaPUC |
| 082 | 0 | 4 | |a Ca782.42 |b WEB |2 21 |
| 100 | 0 | |a Webern, Anton |e author |9 327633 | |
| 245 | 1 | 0 | |a Drei lieder op. 25 gesang und klavier |
| 260 | |a Viena |b Universal Edition |c 1956 | ||
| 300 | |a 10 p | ||
| 490 | 0 | |a UE, 12418 | |
| 583 | |a last modification |c 19980817 00:00:00 |k Rodrigo Vera | ||
| 650 | 0 | |a Lieder |x Música vocal |9 417182 | |
| 650 | 0 | |a Música para canto y piano |2 CL-VaPUC |9 582480 | |
| 650 | 0 | |a Música contemporánea |9 306742 | |
| 650 | 0 | |a Compositores austríacos |2 CL-VaPUC |9 324827 | |
| 650 | 0 | |a Música austríaca, siglo 20 |2 CL-VaPUC |9 324828 | |
| 942 | |c BK |2 ddc | ||
| 945 | |d 19980817 00:00:00 |a mvenant | ||
| 952 | |0 0 |1 0 |4 0 |6 CA_782_420000000000000_WEB_1956 |7 0 |8 F |9 309596 |a BIBEDU |b BIBEDU |d 2019-11-20 |i 3452263 |o Ca782.42 WEB 1956 |p 3452263 |r 2023-11-22 |w 2019-11-20 |y BK_F |k MUS | ||